000 00691nam a2200265Ia 4500
005 20260121172539.0
008 008 260114s9999 xx 000 0 eng d
020 _a9783030715359
037 _aEBOOK
040 _aCRL
040 _beng
040 _cCRL
041 _2eng
041 _aeng
084 _qCRL
100 _aIztok Devetak, Saša Aleksij Glažar
_91089775
245 0 _aApplying Bio-Measurements Methodologies in Science Education Research
260 _bSpringer
260 _bSpringer
260 _c2021
856 _uhttps://link.springer.com/openurl?genre=book&isbn=978-3-030-71535-9
942 _cEBOOK
999 _c1655514
_d1655514